01006 a2200169 45000010006000000050017000060080041000230030015000640400040000790800070001192450023001892500012002122640029002243000019002535050545002721000019008173995720260407155656.0260407a1943 arg spa dAR-UNSa-BCEJYS aAR-UNSa-BCEJYSbspacAR-UNSa-BCEJYS a911.3xGeografía humana. Geografía de los factores culturales10aGeografía humana a2a. ed. 1aBarcelona :bLaborc1943 a230 p.c19 cm. a1. La geografía humana. Campo que abarca - 2. El hombre y el medio - 3. La expansión del hombre en el globo - 4. Las fronteras de la humanidad - 5. Los vacios del ecumene - 6. Las unidades antropogeográficas y sus límites - 12. La vivienda. Su posición y su distribución - 8. La viviednda rural - 9. El tráfico y los centros de intercambio - 10. Forma y evolución de los núcleos urbanos - 11. Número y distribución de ls seres humanos - 12. El movimiento de población - 13. Razas y pueblos - 14. Idiomas y culturas. 1 aKrebs, Norbert